| 000 | 01418nam a22002777a 4500 | ||
|---|---|---|---|
| 001 | 8725 | ||
| 003 | FISKH | ||
| 005 | 20251014123524.0 | ||
| 008 | 251014b cb ||||| |||| 00| 0 eng d | ||
| 040 |
_aFISKH _bkhr _cFISKH _dFISKH |
||
| 050 | _aPZ7 | ||
| 082 | _a635.2 | ||
| 100 | _aCEDAC | ||
| 245 |
_aការដាំត្រកួន _cអ្នកនិពន្ធ សេដាក , អ្នកបោះពុម្ពផ្សាយ ហុក សុទ្ធិ , អ្នកសម្របសម្រួលបោះពុម្ពផ្សាយ ហួត សុជាតា |
||
| 250 | _aEdition Sipar 2011 | ||
| 260 |
_aPnom Penh : _bSipar , _c2011. |
||
| 300 |
_a44 pages : _bcolor illustrations ; _c28 cm . |
||
| 490 | _aងាយៗពី ..... | ||
| 520 | _aសៀវភៅនេះចង់បង្ហាញដល់អ្នកអាននូវវិធីសាស្រ្តដាំត្រកួន, ការថែទាំមុនពេលប្រមូលផល និងការថែទាំក្រោយពេលប្រមូលផល ។ | ||
| 520 | _aThis book is showing the reader how to plant the morning glory , how to take care before and after harvest . | ||
| 650 | _aការដាំត្រកួន | ||
| 650 | _aHow to plant morning glory | ||
| 700 |
_aSophaleap , Neuk _eIllustrator |
||
| 942 |
_2ddc _cKHB _n0 |
||
| 999 |
_c8725 _d8725 |
||